| 000 | 00676nam a2200169 i 4500 | ||
|---|---|---|---|
| 001 | 44915 | ||
| 003 | ES-MaACL | ||
| 007 | t| | ||
| 008 | 030324s1901 ag ||||1| spa d | ||
| 245 | 0 | 0 |
_aCódigo penal de la nación [Argentina] sancionado por el H. Congreso el 30 de septiembre de 1921 / _cprólogo de Rodolfo Moreno (hijo) ; suplemento de la colección completa de leyes nacionales recopiladas y coordinadas por Augusto da Rocha. |
| 260 |
_aBuenos Aires : _b[s.n.], _c1901 ( _fImp. López) |
||
| 300 |
_a128 p. ; _c16 cm. |
||
| 700 | 0 |
_aMoreno, Rodolfo, _c(hijo) _983314 |
|
| 700 | 1 |
_aDa Rocha, Augusto. _942393 |
|
| 852 |
_aES-MaACL _jG-14896 |
||
| 999 |
_c44915 _d44915 |
||